000 00472nam a2200145 a 4500
005 20140310183300.0
008 041126s19uu xx 00 eng d
050 _aHG 216
_b.Il29 1993
245 _aThe illustrated dictionary of money and mathematics /
_ccontributors : Mike Nugent and Fellows
260 _aU.K. :
_bMerlion Publishing,
_c1993.
300 _a160 p. :
_bcol. ill. ;
_c29 cm.
650 _aScience
_xJuvenile literature.
942 _cBK
_2lcc
999 _c20953
_d20953